LEADER 02622nam 2200433Ia 450 001 996394572603316 005 20200824132759.0 035 $a(CKB)3810000000006677 035 $a(EEBO)2240933769 035 $a(UnM)99897084e 035 $a(UnM)99897084 035 $a(EXLCZ)993810000000006677 100 $a19990112d1641 uy | 101 0 $aeng 135 $aurbn||||a|bb| 200 10$aMount-Orgueil: or Divine and profitable meditations$b[electronic resource] $eraised from the contemplation of these three leaves of natures volume, 1. Rockes, 2. Seas, 3. Gardens, digested into three distinct poems. To which is prefixed, a poeticall description, of Mount-Orgueil Castle in the Isle of Jersy. By VVilliam Prynne, late exile, and close prisoner in the sayd Castle. A poem of The soules complaint against the body; and Comfortable cordialls against the discomforts of imprisonment, &c. are hereto annexed 210 $aLondon $cprinted by Tho. Cotes, for Michael Sparke Senior, and are to be sold by Peter Inch of Chester$d1641 215 $a[16], 184, [4], 16 p 300 $aEach poem has special t.p.; the last poem, Comfortable cordialls against discomfortable feares of imprisonment, has separate paging and is cataloged separately. 300 $aIncludes errata. 300 $aReproduction of original in Yale University Library (Mount-Orgueil), Huntington Library (Rockes improved), and Harvard University Library (Comfortable cordials). 300 $aEntry for P4054 (Rockes improved) cancelled in Wing (2nd ed.). 300 $aImperfect? Lacks author's portrait, which appears to be rare as it is not mentioned in various reference books. Cf. reproduction of portrait in Pickering and Chatto's Illus. cat. of old and rare books, 1906-08, p. 188, no. 36-19. 300 $aImperfect: t.p. on reel 397 is torn in filmed copy. Pages from beginning-17 photographed from Union Theological Seminary Library, New York copy and inserted at the end. Reel 397 also lacks dedication of "Comfortable cordials." 330 $aeebo-0055 606 $aChristian literature$vEarly works to 1800 615 0$aChristian literature 700 $aPrynne$b William$f1600-1669.$0198500 701 $aPrynne$b William$f1600-1669.$0198500 701 $aPrynne$b William$f1600-1669.$0198500 701 $aPrynne$b William$f1600-1669.$0198500 701 $aPrynne$b William$f1600-1669.$0198500 801 0$bCu-RivES 801 1$bCu-RivES 801 2$bWaOLN 906 $aBOOK 912 $a996394572603316 996 $aMount-Orgueil: or Divine and profitable meditations$92307950 997 $aUNISA